Sports Quiz

Random Sports or NBA Quiz
Score 0/50 Timer 10:00
0 Plays Today
Hint Answer % Correct
SG BullsMichael Jordan
99.3%
SF Cavaliers Lakers HeatLebron James
97%
C Bucks LakersKareem Abdul-Jabbar
97%
C CelticsBill Russell
97%
PF SpursTim Duncan
97%
C Lakers Magic Celtics Heat Suns CavsShaquille O'Neal
97%
SG LakersKobe Bryant
97%
C Warriors 76ers LakersWilt Chamberlain
96.3%
PG LakersMagic Johnson
96.3%
SF/PF CelticsLarry Bird
96.3%
PG/SG LakersJerry West
95.5%
PF MavericksDirk Nowitzki
94.8%
PF Suns 76ers RocketsCharles Barkley
94.8%
PF/C Celtics TimberwolvesKevin Garnett
94%
PF/C JazzKarl Malone
94%
SF Warriors Sonics/Thunder NetsKevin Durant
94%
C SpursDavid Robinson
94%
PG Bucks KingsOscar Robertson
93.3%
PF Rockets 76ers Bucks Bullets Hawks SpursMoses Malone
93.3%
PG WarriorsStephen Curry
93.3%
SF/PF Bulls Rockets Trail BlazersScottie Pippen
93.3%
PG JazzJohn Stockton
93.3%
PG Suns Mavericks LakersSteve Nash
92.5%
PG Mavericks Suns Nets KnicksJason Kidd
91.8%
SF 76ers NetsJulius Erving
90.3%
Hint Answer % Correct
SG Heat Bulls Dwyane Wade
90.3%
C RocketsHakeem Olajuwon
89.6%
PG Rockets Clippers Thunder PelicansChris Paul
88.8%
PG PistonsIsiah Thomas
88.8%
SF Celtics Nets Clippers WizardsPaul Pierce
88.1%
SG Heat Celtics Bucks SonicsRay Allen
86.6%
PG 76ers Nuggets Pistons GrizzliesAllen Iverson
85.8%
SG PacersReggie Miller
84.3%
SF/PF Trail Blazers RocketsClyde Drexler
82.8%
PF CelticsKevin McHale
79.9%
SF Spurs Raptors ClippersKawhi Leonard
79.9%
C Magic Lakers Rockets Hawks Hornets WizardsDwight Howard
76.9%
PG/SG LakersElgin Baylor
76.1%
SF Knicks Sonics MagicPatrick Ewing
76.1%
SG/SF CelticsJohn Havlicek
76.1%
PF/C HawksBob Pettit
75.4%
PG Celtics RoyalsBob Cousy
74.6%
SF/PF Hawks Clippers Celtics Spurs MagicDominique Wilkins
67.9%
PG Knicks CavaliersWalt Frazier
67.2%
SF Sonics Bucks Lakers HeatGary Payton
67.2%
SG/SF Squires Spurs BullsGeorge Gervin
64.2%
C Gears(Bulls) LakersGeorge Mikan
60.4%
PG Rockets BulletsElvin Hayes
53.7%
PG Warriors RocketsRick Barry
51.5%
PF/C 76ersDolph Schayes
35.8%
Remove Ads.
Support Sporcle.
Get the best of Sporcle when you Go Orange. This ad-free experience offers more features, more stats, and more fun while also helping to support Sporcle. Thank you for becoming a member.

You're not logged in!

Compare scores with friends on all Sporcle quizzes.
OR
Log In

Show Comments

Extras

Created Sep 23, 2019ReportNominate
Tags:NBA Quiz, All Time, cbs, Player, Top 50

Top Quizzes Today


Score Distribution

Your Account Isn't Verified!

In order to create a playlist on Sporcle, you need to verify the email address you used during registration. Go to your Sporcle Settings to finish the process.

Report this User

Report this user for behavior that violates our Community Guidelines.

Details: